[Event "2nd Kalyan Dombivali 2019"]
[Site "Kalyan"]
[Date "2019.02.02"]
[Round "9"]
[White "Kumar, Gaurav"]
[Black "Snehal, Bhosale"]
[Result "1-0"]
[WhiteElo "2128"]
[BlackElo "2135"]
[Annotator "NA RC"]
[PlyCount "81"]
[EventDate "2019.01.28"]
[EventType "swiss"]
[EventRounds "10"]
[EventCountry "IND"]
[SourceTitle "playchess.com"]
[Source "ChessBase"]
[SourceQuality "1"]
[TimeControl "5400+30"]

{[%evp 22,78,23,25,20,4,7,22,21,32767,32767,5,0,0,0,-9,-10,32767,-12,32767,32767,32767,32767,32767,32767,32767,14,32767,18,0,0,0,32767,32767,32767,0,32767,17,43,15,133,32767,193,184,351,66,15,32767,0,0,0,0,4706,4710,6083,29980,29976,29982,29982]} 1. e4 {[%emt 0:00:00]} e5 {[%emt 0:00:00]} 2. Nf3 {[%emt 0:00:00]} Nc6 {[%emt 0:00:07]} 3. d4 {[%emt 0:00:08]} exd4 {[%emt 0:00:09]} 4. Nxd4 {[%emt 0:00:07]} Bc5 {[%emt 0:00:09]} 5. Nxc6 {[%emt 0:00:14]} bxc6 {[%emt 0:00:10]} 6. Bd3 {[%emt 0:00:07]} Qh4 {[%emt 0:08:14] C45: Scotch Game} 7. Qe2 {[%emt 0:00:59]} Ne7 {[%emt 0:03:20]} 8. Be3 $146 {[%emt 0:06:15]} ({Predecessor:} 8. Nc3 O-O 9. Be3 Bb6 10. O-O d5 11. exd5 Nxd5 12. Bd2 Bd4 13. Rae1 Nb4 14. Qe4 Qxe4 15. Bxe4 {1-0 (27) Carlsen,M (2821)-Caruana,F (2711) Biel 2011}) 8... Bxe3 {[%emt 0:01:23]} 9. Qxe3 {[%emt 0:00:18]} O-O {[%emt 0:01:24]} 10. Nd2 {[%emt 0:07:42]} d6 {[%emt 0:02:16]} 11. O-O {[%emt 0:03:10]} Qf6 {[%emt 0:10:18]} 12. e5 {[%emt 0:16:33]} dxe5 {[%emt 0:10:15]} 13. Ne4 {[%emt 0:14:00]} Qg6 {[%emt 0:05:51]} 14. Ng3 {[%emt 0:09:32]} Qd6 {[%emt 0:22:17]} 15. Rfe1 {[%emt 0:15:44]} f6 {[%emt 0:01:56]} 16. f4 {[%emt 0:10:02]} exf4 {[%emt 0:11:57]} 17. Qxe7 {[%emt 0:01:26]} fxg3 {[%emt 0:02:55]} 18. Bc4+ {[%emt 0:01:16]} Kh8 {[%emt 0:00:07]} 19. Rad1 {[%emt 0:00:10]} gxh2+ {[%emt 0:01:09]} 20. Kh1 {[%emt 0:00:01]} Qxe7 {[%emt 0:01:17]} 21. Rxe7 {[%emt 0:00:05]} Bg4 {[%emt 0:01:16]} 22. Rd4 {[%emt 0:00:15]} Bf5 {[%emt 0:01:26]} 23. Bd3 {[%emt 0:02:15]} Bxd3 {[%emt 0:10:13]} 24. Rxd3 {[%emt 0:00:09]} Rad8 {[%emt 0:00:12]} 25. Rxd8 {[%emt 0:01:23]} Rxd8 {[%emt 0:00:02]} 26. Rxc7 {[%emt 0:00:02]} h5 {[%emt 0:00:20]} 27. Rxc6 {[%emt 0:00:47]} Kh7 {[%emt 0:00:04]} 28. Kxh2 {[%emt 0:02:00]} Kh6 {[%emt 0:01:03]} 29. b4 {[%emt 0:01:51]} Rd4 {[%emt 0:00:55]} 30. c3 {[%emt 0:00:38]} Rf4 {[%emt 0:00:17]} (30... Rd2 $11) 31. Ra6 {[%emt 0:00:50]} g5 $2 {[%emt 0:01:56]} (31... Rh4+ $11 {and Black is okay.} 32. Kg1 Rc4) 32. Rxa7 {[%emt 0:01:29]} h4 $2 {[%emt 0:00:13]} (32... Rf1 $16) 33. Kg1 $2 {[%emt 0:04:22]} ({White must play} 33. b5 $18 g4 34. b6) 33... g4 {[%emt 0:00:49]} 34. Rd7 {[%emt 0:00:43]} g3 $1 {[%emt 0:00:17]} 35. Rd1 {[%emt 0:01:49]} Rf2 $1 {[%emt 0:01:26]} 36. Rb1 {[%emt 0:00:27]} Kg5 $2 {[%emt 0:01:02]} (36... f5 $11) 37. b5 {[%emt 0:00:14]} Kg4 {[%emt 0:00:19]} 38. b6 {[%emt 0:00:46]} h3 {[%emt 0:01:20]} 39. Rb4+ {[%emt 0:00:12]} Kg5 {[%emt 0:00:27]} 40. gxh3 {[%emt 0:00:06]} Rxa2 {[%emt 0:00:33]} 41. b7 {[%emt 0:00:06]} 1-0

[Event "2nd Kalyan Dombivali 2019"]
[Site "Kalyan"]
[Date "2019.02.02"]
[Round "9"]
[White "Saranya, Y."]
[Black "Gusain, Himal"]
[Result "0-1"]
[WhiteElo "1977"]
[BlackElo "2371"]
[Annotator "TA"]
[PlyCount "84"]
[EventDate "2019.01.28"]
[EventType "swiss"]
[EventRounds "10"]
[EventCountry "IND"]
[SourceTitle "playchess.com"]
[Source "ChessBase"]
[SourceQuality "1"]

{[%evp 9,84,43,40,38,36,25,33,32,23,-41,0,-23,-31,-40,-14,-7,0,-15,-7,-42,-43,-32,-24,-41,-25,-52,-19,-51,0,0,19,20,55,54,58,64,69,34,135,-56,-41,-59,-97,-81,-51,-68,-66,-72,-76,-61,-60,-123,-120,-200,-193,-362,-353,-345,-335,-371,-396,-379,-374,-561,-577,-644,-644,-1002,-991,-1029,-736,-721,-695,-673,-660,-29997,-29998]} 1. e4 c5 2. Nf3 e6 3. g3 Nc6 4. Bg2 g5 5. h3 Bg7 6. d4 $146 {B40: Sicilian: 2...e6, Unusual lines} ({Predecessor:} 6. c3 h6 7. d4 cxd4 8. cxd4 d5 9. e5 Nge7 10. Nc3 a6 11. O-O b5 12. Be3 {½-½ (70) Andriasian,Z (2621)-Miezis,N (2509) Tallinn 2016}) 6... cxd4 7. Bxg5 Qb6 8. Qc1 {White is slightly better.} h6 9. Bh4 ({White should play} 9. Bd2 $11) 9... Qa6 10. Nbd2 Nge7 11. Bxe7 Kxe7 12. Bf1 Qa5 13. a3 d6 14. Bg2 Bd7 15. O-O Rac8 16. Nb3 {[%cal Bd2b3,Bb3c1,Bc1d3][%mdl 32]} Qb6 17. Qd2 a5 18. Rfd1 e5 (18... Rc7 $1 $15) 19. Rab1 $11 a4 20. Nc1 Na5 21. Nd3 Bf6 22. Nb4 Be6 23. Bf1 Nc6 (23... Rhg8 $14) 24. c3 $2 {[#]} ({White must play} 24. Nd5+ $16 Bxd5 25. exd5) 24... Nxb4 $15 25. axb4 {[%cal Rc3d4]} dxc3 26. bxc3 Rhd8 27. Rdc1 d5 28. exd5 $1 Bxd5 29. Qe2 Bc4 $36 {[%mdl 2048] Black is pushing.} 30. Qe1 (30. Qc2 $1 $15) 30... Bxf1 $17 31. Qxf1 (31. Kxf1 $17 {was called for.} Qe6 32. Kg2) 31... Kf8 32. c4 $2 (32. Qe2) 32... e4 $19 33. Nh2 Rd2 34. Ng4 a3 {[%cal Ba4a3,Ba3a2][%mdl 32]} 35. Qe1 Rcd8 36. c5 (36. Qxe4 $142 a2 37. c5 axb1=B 38. Rxb1) 36... Qe6 37. Nxf6 Qxf6 38. b5 a2 39. Ra1 R8d3 {aiming for ...e3!} 40. c6 bxc6 41. bxc6 {[#] Threatens to win with c7.} e3 $1 {[%cal Re3f2][%mdl 512]} 42. fxe3 Qf3 {Accuracy: White = 37%, Black = 63%.} 0-1

[Event "2nd Kalyan Dombivali 2019"]
[Site "Kalyan"]
[Date "2019.02.02"]
[Round "9"]
[White "Ahmed, Feroz"]
[Black "Kasar Prashant"]
[Result "1-0"]
[WhiteElo "1919"]
[BlackElo "1495"]
[Annotator "NA RC"]
[PlyCount "55"]
[EventDate "2019.01.28"]
[EventType "swiss"]
[EventRounds "10"]
[EventCountry "IND"]
[SourceTitle "playchess.com"]
[Source "ChessBase"]
[SourceQuality "1"]
[TimeControl "5400+30"]

1. c4 {[%emt 0:00:00]} g6 {[%emt 0:00:00]} 2. g3 {[%emt 0:00:00]} Bg7 {[%emt 0:00:01]} 3. d4 {[%emt 0:00:00]} d6 {[%emt 0:00:39]} 4. Bg2 {[%emt 0:00:00]} c6 5. e4 {[%emt 0:00:58]} Nf6 {[%emt 0:00:44]} 6. Nc3 {[%emt 0:00:16]} O-O {[%emt 0:00:39]} 7. Nge2 {[%emt 0:01:04]} e5 {[%emt 0:02:10]} 8. O-O {[%emt 0:00:29]} Re8 {[%emt 0:03:22]} 9. h3 {[%emt 0:02:49]} Nbd7 {[%emt 0:00:39]} 10. d5 {[%emt 0:01:15]} c5 {[%emt 0:04:53]} 11. f4 {[%emt 0:00:52]} Nb6 {[%emt 0:02:03]} 12. Qd3 {[%emt 0:07:24]} exf4 {[%emt 0:03:38]} 13. gxf4 {[%emt 0:02:22]} Nh5 {[%emt 0:03:01]} 14. Bd2 {[%emt 0:04:40]} f5 {[%emt 0:02:04]} 15. Kh2 {[%emt 0:01:35]} (15. b3 $11 {keeps the balance.}) 15... fxe4 {[%emt 0:02:55]} 16. Bxe4 {[%emt 0:00:59]} Qf6 {[%emt 0:13:51]} 17. Rg1 {[%emt 0:05:15]} Kh8 {[%emt 0:07:46] [#]} 18. b3 {[%emt 0:07:14]} (18. Rg5 $1 $16) 18... Qh4 {[%emt 0:06:54]} 19. Raf1 {[%emt 0:02:44]} Bh6 $2 {[%emt 0:02:36]} (19... Nf6 $11 {and Black is okay.} 20. Qg3 Qxh3+ 21. Qxh3 Bxh3 22. Kxh3 Nxe4 23. Nxe4 Rxe4) 20. Rf3 {[%emt 0:13:31]} Rf8 {[%emt 0:09:21]} 21. Be1 {[%emt 0:07:17]} Qe7 {[%emt 0:02:45]} 22. Bxg6 {[%emt 0:01:02]} Nxf4 {[%emt 0:05:38]} 23. Nxf4 {[%emt 0:01:38]} Bxf4+ {[%emt 0:00:02] [#]} 24. Rxf4 $1 {[%emt 0:04:00]} Rxf4 {[%emt 0:01:44]} 25. Ne2 {[%emt 0:00:08]} Bf5 {[%emt 0:13:13]} 26. Bc3+ {[%emt 0:01:20]} Rd4 {[%emt 0:01:32]} 27. Bxd4+ {[%emt 0:02:08]} cxd4 {[%emt 0:00:02]} 28. Qxd4+ {[%emt 0:00:10] Bc8 Qd3 hxg6} 1-0

[Event "2nd Kalyan Dombivali 2019"]
[Site "Kalyan"]
[Date "2019.02.02"]
[Round "9"]
[White "Vijay, Anand M."]
[Black "Akshit Jha"]
[Result "1-0"]
[WhiteElo "1841"]
[BlackElo "1604"]
[Annotator "NA RC"]
[PlyCount "41"]
[EventDate "2019.01.28"]
[EventType "swiss"]
[EventRounds "10"]
[EventCountry "IND"]
[SourceTitle "playchess.com"]
[Source "ChessBase"]
[SourceQuality "1"]
[TimeControl "5400+30"]

1. e4 {[%emt 0:00:00]} e6 {[%emt 0:05:56]} 2. d4 {[%emt 0:00:28]} d5 {[%emt 0:00:03]} 3. Nc3 {[%emt 0:00:05]} Bb4 {[%emt 0:00:04]} 4. exd5 {[%emt 0:00:06]} exd5 {[%emt 0:00:05]} 5. Bd3 {[%emt 0:00:03]} Nf6 {[%emt 0:00:43]} 6. Bg5 {[%emt 0:00:15]} O-O {[%emt 0:02:11]} 7. Nge2 {[%emt 0:00:17]} c6 {[%emt 0:00:41]} 8. O-O {[%emt 0:00:06]} Bg4 {[%emt 0:00:27]} 9. f3 {[%emt 0:00:34]} Bh5 {[%emt 0:00:21]} 10. Ng3 {[%emt 0:00:07]} Bg6 {[%emt 0:00:11]} 11. Bxg6 {[%emt 0:00:16]} hxg6 {[%emt 0:00:17]} 12. f4 {[%emt 0:00:17]} Bxc3 {[%emt 0:04:12]} 13. bxc3 {[%emt 0:00:08]} Nbd7 {[%emt 0:00:54]} 14. f5 {[%emt 0:00:18]} Qa5 {[%emt 0:00:46]} 15. fxg6 {[%emt 0:09:41]} fxg6 {[%emt 0:01:38]} 16. Qd3 {[%emt 0:01:35]} Kh7 {[%emt 0:00:29]} 17. Rf4 {[%emt 0:00:53]} Ne4 {[%emt 0:01:48]} 18. Nxe4 {[%emt 0:02:57]} dxe4 {[%emt 0:00:17]} 19. Qh3+ {[%emt 0:00:07]} Kg8 {[%emt 0:00:06]} 20. Qe6+ {[%emt 0:00:04]} Kh7 {[%emt 0:00:52]} 21. Rh4# {[%emt 0:00:03]} 1-0

[Event "2nd Kalyan Dombivali 2019"]
[Site "Kalyan"]
[Date "2019.02.02"]
[Round "9"]
[White "Sparsh Khandelwal"]
[Black "Lad Mandar Pradip"]
[Result "1-0"]
[WhiteElo "1823"]
[BlackElo "1364"]
[Annotator "NA RC"]
[PlyCount "73"]
[EventDate "2019.01.28"]
[EventType "swiss"]
[EventRounds "10"]
[EventCountry "IND"]
[SourceTitle "playchess.com"]
[Source "ChessBase"]
[SourceQuality "1"]
[TimeControl "5400+30"]

1. e4 {[%emt 0:00:00]} c5 {[%emt 0:00:00]} 2. c3 {[%emt 0:01:48]} d5 {[%emt 0:00:30]} 3. exd5 {[%emt 0:00:08]} Qxd5 {[%emt 0:00:06]} 4. d4 {[%emt 0:00:04]} cxd4 {[%emt 0:00:26]} 5. cxd4 {[%emt 0:00:09]} e5 {[%emt 0:00:29]} 6. Nc3 {[%emt 0:02:40]} Qxd4 {[%emt 0:23:21]} 7. Qxd4 {[%emt 0:00:06]} exd4 {[%emt 0:00:07]} 8. Nb5 {[%emt 0:00:05]} Na6 {[%emt 0:01:43]} 9. Nxd4 {[%emt 0:00:05]} Bd7 {[%emt 0:00:49]} 10. Ngf3 {[%emt 0:03:46]} Nf6 {[%emt 0:04:44]} 11. Bd2 {[%emt 0:04:54]} (11. Bxa6 $14 bxa6 12. O-O) 11... Be7 {[%emt 0:02:23]} 12. Bc4 {[%emt 0:02:17]} Rc8 {[%emt 0:04:23]} 13. Ne5 {[%emt 0:02:52]} O-O {[%emt 0:06:19]} 14. O-O {[%emt 0:02:21]} Bd6 {[%emt 0:01:19]} 15. Nxd7 {[%emt 0:01:32]} Nxd7 {[%emt 0:01:22]} 16. Bxa6 {[%emt 0:00:50]} bxa6 {[%emt 0:00:12] [#]} 17. Nf5 $1 {[%emt 0:00:04]} Rc2 {[%emt 0:11:49]} 18. Rfd1 $16 {[%emt 0:01:58]} Bc5 {[%emt 0:13:28]} 19. b4 {[%emt 0:00:04]} Bb6 {[%emt 0:00:23]} 20. a4 {[%emt 0:00:05]} Ne5 {[%emt 0:04:10]} 21. a5 {[%emt 0:00:08]} Bc7 {[%emt 0:08:45]} 22. Ne3 {[%emt 0:02:20]} Rc6 {[%emt 0:06:32]} 23. Nd5 {[%emt 0:01:02]} Re8 {[%emt 0:03:07]} 24. Be3 {[%emt 0:00:20]} Ng4 {[%emt 0:00:32]} 25. Bf4 {[%emt 0:00:41]} Bxf4 {[%emt 0:00:12]} 26. Ne7+ {[%emt 0:00:10]} Kf8 {[%emt 0:00:20]} 27. Nxc6 {[%emt 0:00:04]} Bxh2+ {[%emt 0:00:12]} 28. Kf1 {[%emt 0:00:09]} Bf4 {[%emt 0:00:37]} 29. Rd4 {[%emt 0:02:22]} Nh2+ {[%emt 0:00:37]} 30. Kg1 {[%emt 0:00:04]} g5 {[%emt 0:00:35]} 31. Rxf4 {[%emt 0:00:32]} gxf4 {[%emt 0:00:06]} 32. Kxh2 {[%emt 0:00:03]} Re6 {[%emt 0:00:10]} 33. Rc1 {[%emt 0:01:16]} Kg7 {[%emt 0:00:43]} 34. Nxa7 {[%emt 0:00:06]} Re7 {[%emt 0:00:28]} 35. Nc6 {[%emt 0:00:32]} Re2 {[%emt 0:00:16]} 36. f3 {[%emt 0:00:08]} Re6 {[%emt 0:00:07]} 37. b5 {[%emt 0:00:11]} 1-0

[Event "2nd Kalyan Dombivali 2019"]
[Site "Kalyan"]
[Date "2019.02.02"]
[Round "9"]
[White "Subramanian, R M"]
[Black "Ramnathan, Balasubramaniam"]
[Result "0-1"]
[WhiteElo "1780"]
[BlackElo "2191"]
[Annotator "NA"]
[PlyCount "75"]
[EventDate "2019.01.28"]
[EventType "swiss"]
[EventRounds "10"]
[EventCountry "IND"]
[SourceTitle "playchess.com"]
[Source "ChessBase"]
[SourceQuality "1"]
[TimeControl "5400+30"]

{[%evp 23,64,-4,43,32767,32767,39,61,9,3,32767,32767,-30,-8,-41,-29,-35,-30,-21,-43,-68,-38,32767,32767,-66,32767,32767,32767,-60,-51,32767,32767,-61,-72,32767,-54,-54,-45,-38,-17,-70,-30,-195,-202]} 1. e4 {[%emt 0:00:00]} e5 {[%emt 0:00:00]} 2. Bc4 {[%emt 0:00:00]} Nf6 {[%emt 0:00:13]} 3. d3 {[%emt 0:00:00]} Nc6 {[%emt 0:00:18]} 4. Nc3 {[%emt 0:00:00]} Bb4 {[%emt 0:01:57]} 5. Nge2 {[%emt 0:00:00]} d5 {[%emt 0:01:12]} 6. exd5 {[%emt 0:00:00]} Nxd5 {[%emt 0:00:10]} 7. O-O {[%emt 0:00:02]} Be6 {[%emt 0:01:45]} 8. Bb5 {[%emt 0:10:47] C28: Vienna Game: 2...Nf6 3 Bc4 Nc6} (8. Bb3 O-O 9. Kh1 Qd7 10. Ne4 Be7 11. Ng5 Bxg5 12. Bxg5 Nb6 13. Be3 Bxb3 14. axb3 Nd5 15. Nc3 Ndb4 {½-½ (37) Le,Q (2714)-Sethuraman,S (2665) chess.com INT 2019}) 8... Nde7 $146 {[%emt 0:04:50]} ({Predecessor:} 8... Qd7 9. Nxd5 Bxd5 10. c4 Be6 11. d4 a6 12. Qa4 axb5 13. Qxa8+ Nd8 14. d5 Bf5 15. a3 Bd6 16. cxb5 {1-0 (46) Vogt,L (2479)-Greet,A (2439) Fuegen 2006}) 9. f4 {[%emt 0:01:48]} Bd7 {[%emt 0:02:33]} 10. Ng3 {[%emt 0:07:55]} exf4 {[%emt 0:04:37]} 11. Bxf4 {[%emt 0:02:21]} O-O {[%emt 0:00:14]} 12. Bg5 {[%emt 0:04:10]} Nd4 {[%emt 0:04:45]} (12... f6 $11 13. Bc4+ Kh8) 13. Nh5 {[%emt 0:09:08]} (13. Bc4 $14 {keeps the upper hand.}) 13... f5 {[%emt 0:01:28]} 14. Bc4+ {[%emt 0:02:41]} Be6 {[%emt 0:01:09]} 15. Re1 {[%emt 0:07:37]} Bxc4 {[%emt 0:05:12]} 16. dxc4 {[%emt 0:00:11]} Ndc6 {[%emt 0:02:18]} 17. Nd5 {[%emt 0:02:51]} Bxe1 {[%emt 0:01:02]} 18. Qxe1 {[%emt 0:00:06]} Rf7 {[%emt 0:00:29]} 19. Rd1 {[%emt 0:01:44]} Qf8 {[%emt 0:02:05]} 20. Nxc7 {[%emt 0:08:10]} Rd8 {[%emt 0:00:16]} 21. Nd5 {[%emt 0:01:47]} h6 {[%emt 0:09:27]} 22. Bh4 {[%emt 0:01:22]} g5 {[%emt 0:00:50]} 23. Bf2 {[%emt 0:02:24]} Nxd5 {[%emt 0:09:09]} 24. cxd5 {[%emt 0:00:19]} Qd6 {[%emt 0:00:58]} 25. c4 {[%emt 0:03:55]} b6 {[%emt 0:03:18]} 26. Qc3 {[%emt 0:01:36]} Qg6 {[%emt 0:01:07]} 27. Ng3 $1 {[%emt 0:04:59]} f4 {[%emt 0:00:30]} 28. Nf1 {[%emt 0:00:58]} Ne7 {[%emt 0:02:31]} 29. Re1 {[%emt 0:01:09]} Nf5 {[%emt 0:00:13]} 30. b4 {[%emt 0:01:32]} Re7 {[%emt 0:06:52]} 31. Rd1 {[%emt 0:00:41]} Qf7 {[%emt 0:05:34]} 32. Qf3 {[%emt 0:07:11] [#]} ({White should try} 32. a4 $15) 32... Ne3 $19 {[%emt 0:02:11]} 33. Bxe3 {[%emt 0:06:56]} fxe3 {[%emt 0:00:06]} 34. Qe2 {[%emt 0:01:21]} Rf8 {[%emt 0:01:11]} 35. g3 {[%emt 0:01:01]} Qf3 {[%emt 0:01:31]} 36. Qxf3 Rxf3 37. d6 e2 38. dxe7 0-1

[Event "2nd Kalyan Dombivali 2019"]
[Site "Kalyan"]
[Date "2019.02.02"]
[Round "9"]
[White "Javheri, Jaydev"]
[Black "Lund Rachit"]
[Result "1-0"]
[WhiteElo "1675"]
[BlackElo "1572"]
[Annotator "NA RC"]
[PlyCount "137"]
[EventDate "2019.01.28"]
[EventType "swiss"]
[EventRounds "10"]
[EventCountry "IND"]
[SourceTitle "playchess.com"]
[Source "ChessBase"]
[SourceQuality "1"]
[TimeControl "5400+30"]

1. e4 {[%emt 0:00:00]} e5 {[%emt 0:00:00]} 2. Nf3 {[%emt 0:00:00]} Nc6 {[%emt 0:00:00]} 3. Bc4 {[%emt 0:00:00]} Nf6 {[%emt 0:00:00]} 4. d3 {[%emt 0:00:56]} Be7 {[%emt 0:00:08]} 5. O-O {[%emt 0:00:10]} d6 {[%emt 0:00:12]} 6. h3 {[%emt 0:00:07]} O-O {[%emt 0:01:47]} 7. c3 {[%emt 0:00:20]} h6 {[%emt 0:07:15]} 8. Re1 {[%emt 0:02:57]} Nh7 {[%emt 0:01:43]} 9. d4 {[%emt 0:00:38]} Ng5 {[%emt 0:00:53]} 10. Nxg5 {[%emt 0:09:16]} Bxg5 {[%emt 0:00:51]} 11. d5 {[%emt 0:00:18]} Ne7 {[%emt 0:07:30]} 12. Bxg5 {[%emt 0:01:30]} hxg5 {[%emt 0:00:05]} 13. Nd2 {[%emt 0:00:12]} Ng6 {[%emt 0:00:18]} 14. Nf1 {[%emt 0:02:04]} Nf4 {[%emt 0:04:26]} 15. Ng3 {[%emt 0:00:51]} g6 {[%emt 0:01:17]} 16. Ne2 {[%emt 0:02:48]} Kg7 {[%emt 0:00:41]} 17. Nxf4 {[%emt 0:04:22]} gxf4 {[%emt 0:00:15]} 18. Be2 {[%emt 0:00:21]} Qg5 {[%emt 0:00:17]} 19. Kf1 {[%emt 0:00:54]} Rh8 {[%emt 0:00:15]} 20. Bf3 {[%emt 0:00:20]} Bd7 {[%emt 0:03:25]} 21. Ke2 {[%emt 0:03:14]} Bb5+ {[%emt 0:00:52]} 22. Kd2 {[%emt 0:00:37]} Qh4 {[%emt 0:00:18]} 23. Kc2 {[%emt 0:04:55]} Qxf2+ {[%emt 0:00:35]} 24. Qd2 {[%emt 0:00:10]} Qg3 {[%emt 0:01:31]} 25. b3 {[%emt 0:03:40]} Bd7 {[%emt 0:00:04]} 26. Rf1 {[%emt 0:01:01]} a5 {[%emt 0:00:38]} 27. Qf2 {[%emt 0:01:50]} Qxf2+ {[%emt 0:03:36]} 28. Rxf2 {[%emt 0:00:12]} f5 {[%emt 0:00:04]} 29. Re1 {[%emt 0:04:36]} fxe4 {[%emt 0:00:48]} 30. Bxe4 {[%emt 0:00:08]} Kf6 {[%emt 0:03:45]} 31. g3 {[%emt 0:01:37]} Bxh3 {[%emt 0:02:17]} 32. gxf4 {[%emt 0:00:10]} Bf5 {[%emt 0:00:06]} 33. fxe5+ {[%emt 0:04:01]} dxe5 {[%emt 0:00:13]} 34. Kd2 {[%emt 0:01:09]} Rh5 {[%emt 0:00:52]} 35. c4 {[%emt 0:01:07]} Rah8 {[%emt 0:00:34]} 36. Ree2 {[%emt 0:01:33]} a4 {[%emt 0:01:51]} 37. Kc3 {[%emt 0:03:11]} axb3 {[%emt 0:01:56]} 38. axb3 {[%emt 0:00:15]} Rh3+ {[%emt 0:00:03]} 39. Kb4 {[%emt 0:00:41]} Rg3 {[%emt 0:00:26]} 40. c5 {[%emt 0:07:17]} Rhh3 {[%emt 0:00:36]} 41. Bc2 {[%emt 0:00:55]} Rh4+ {[%emt 0:01:33]} 42. Kb5 {[%emt 0:14:11]} Rd4 {[%emt 0:00:35]} 43. Rd2 {[%emt 0:00:32]} Rxd2 {[%emt 0:00:13]} 44. Rxd2 {[%emt 0:00:29]} Bxc2 {[%emt 0:00:06]} 45. Rxc2 {[%emt 0:01:04]} Rd3 {[%emt 0:01:53]} 46. Rf2+ {[%emt 0:07:44]} Kg7 {[%emt 0:00:37]} 47. Ra2 {[%emt 0:01:13]} Rxd5 {[%emt 0:01:14]} 48. Ra7 {[%emt 0:00:16]} c6+ {[%emt 0:04:16]} 49. Kb6 {[%emt 0:01:41]} Rd7 {[%emt 0:00:02]} 50. b4 {[%emt 0:00:40]} Rd4 {[%emt 0:23:04]} 51. Rxb7+ {[%emt 0:00:46]} Kf6 {[%emt 0:00:06]} 52. Kxc6 {[%emt 0:00:28]} e4 {[%emt 0:00:03]} 53. Rb8 {[%emt 0:03:59]} Ke7 {[%emt 0:00:34]} 54. Rb7+ {[%emt 0:04:18]} Ke6 {[%emt 0:00:16]} 55. Rb8 {[%emt 0:00:34]} Ke7 {[%emt 0:01:52]} 56. Rb7+ {[%emt 0:01:09]} Ke6 {[%emt 0:00:04]} 57. Rb8 {[%emt 0:01:23]} Kf5 {[%emt 0:01:09]} 58. Rf8+ {[%emt 0:00:58]} Kg4 {[%emt 0:00:03]} 59. b5 {[%emt 0:00:14]} e3 {[%emt 0:00:17]} 60. Re8 {[%emt 0:01:07]} Kf3 {[%emt 0:02:00]} 61. b6 {[%emt 0:00:15]} Rb4 {[%emt 0:00:55]} 62. b7 {[%emt 0:00:11]} e2 {[%emt 0:00:24]} 63. Kc7 {[%emt 0:01:28]} g5 {[%emt 0:00:27]} 64. b8=Q Rxb8 65. Kxb8 {[%emt 0:01:52]} g4 {[%emt 0:00:41]} 66. c6 {[%emt 0:00:11]} g3 {[%emt 0:00:21]} 67. c7 {[%emt 0:00:04]} g2 {[%emt 0:00:09]} 68. c8=Q {[%emt 0:00:31]} g1=Q {[%emt 0:00:46]} 69. Qf5+ 1-0

[Event "2nd Kalyan Dombivali 2019"]
[Site "Kalyan"]
[Date "2019.02.02"]
[Round "9"]
[White "Bhat Sanjay"]
[Black "Om Nagnath Lamkane"]
[Result "1-0"]
[WhiteElo "1597"]
[BlackElo "1400"]
[Annotator "NA RC"]
[PlyCount "73"]
[EventDate "2019.01.28"]
[EventType "swiss"]
[EventRounds "10"]
[EventCountry "IND"]
[SourceTitle "playchess.com"]
[Source "ChessBase"]
[SourceQuality "1"]
[TimeControl "5400+30"]

1. c4 {[%emt 0:00:00]} c5 {[%emt 0:02:09]} 2. g3 {[%emt 0:00:00]} Nc6 {[%emt 0:00:06]} 3. Bg2 {[%emt 0:00:00]} e6 {[%emt 0:00:25]} 4. Nf3 {[%emt 0:00:00]} Nf6 {[%emt 0:00:22]} 5. O-O {[%emt 0:00:02]} Be7 {[%emt 0:00:09]} 6. b3 {[%emt 0:00:06]} O-O {[%emt 0:00:10]} 7. Bb2 {[%emt 0:00:01]} b6 {[%emt 0:00:26]} 8. d4 {[%emt 0:00:24]} d5 {[%emt 0:00:23]} 9. cxd5 {[%emt 0:00:50]} Nxd5 {[%emt 0:04:06]} 10. e4 {[%emt 0:02:13]} Nc7 {[%emt 0:01:00]} 11. dxc5 {[%emt 0:00:44]} Bxc5 {[%emt 0:03:04]} 12. Qc1 {[%emt 0:10:09]} Bb7 {[%emt 0:01:22]} 13. Rd1 {[%emt 0:00:21]} Qe7 {[%emt 0:01:03]} 14. a3 {[%emt 0:00:07]} e5 {[%emt 0:01:02]} 15. b4 {[%emt 0:01:12]} Bd6 {[%emt 0:00:14]} 16. Nc3 {[%emt 0:00:10]} Rac8 {[%emt 0:04:55]} 17. Qe3 {[%emt 0:03:54]} Rfd8 {[%emt 0:05:08]} 18. Rd2 {[%emt 0:01:07]} Ne6 {[%emt 0:07:38]} 19. Nd5 {[%emt 0:01:17]} Qf8 {[%emt 0:02:48]} 20. Rad1 {[%emt 0:08:44]} Bb8 {[%emt 0:08:13]} 21. Nh4 {[%emt 0:10:48]} Ncd4 {[%emt 0:11:43]} 22. Nf3 {[%emt 0:13:14]} Bxd5 {[%emt 0:02:31]} 23. exd5 {[%emt 0:03:27]} Rxd5 {[%emt 0:02:39]} 24. Nxd4 {[%emt 0:08:38]} exd4 {[%emt 0:00:18]} 25. Qb3 {[%emt 0:01:03]} Rd6 {[%emt 0:04:42]} 26. f4 {[%emt 0:00:51]} Rcd8 {[%emt 0:00:33]} 27. f5 {[%emt 0:00:23]} Nc7 {[%emt 0:00:08]} 28. a4 {[%emt 0:07:24]} a6 {[%emt 0:10:49]} 29. b5 {[%emt 0:00:29]} axb5 {[%emt 0:00:26]} 30. axb5 {[%emt 0:00:02]} Qe8 {[%emt 0:01:50]} 31. Bc6 {[%emt 0:03:35]} Qe5 {[%emt 0:00:46]} 32. Qd3 {[%emt 0:05:57]} Nd5 {[%emt 0:08:25]} 33. Bxd4 {[%emt 0:05:39]} Qe7 {[%emt 0:07:46]} 34. Re2 {[%emt 0:01:44]} Qa7 {[%emt 0:02:36]} 35. Ra1 {[%emt 0:02:13]} Nf4 {[%emt 0:01:15]} 36. Rxa7 {[%emt 0:01:35]} Nxd3 {[%emt 0:00:30]} 37. Ra6 {[%emt 0:00:30]} 1-0